HTML & XHTML demystified / (رقم التسجيلة. 26775)

تفاصيل مارك
000 -الفاتح
حقل البيانات ثابتة الطول 01612cam a2200337 a 4500
001 - رقم الضبط
رقم الضبط 656450888
003 - محدد رقم الضبط
رقم الضبط OCoLC
005 - وقت وتاريخ اخر تعامل مع التسجيلة
رقم الضبط 20150408114109.0
008 - عناصر البيانات ثابتة الطول - معلومات عامة
حقل البيانات ثابتة الطول 101028s2011 nyua e 001 0 eng
010 ## - رقم ضبط مكتبة الكونجرس
رقم ضبط مكتبة الكونجرس 2010042718
015 ## - رقم الببليوجرافية الوطنية
رقم الببليوجرافية الوطنية GBB0B2932
المصدر bnb
020 ## - الرقم الدولى المعيارى للكتب
الرقم الدولى المعيارى للكتاب 9780071748049 (pbk.)
020 ## - الرقم الدولى المعيارى للكتب
الرقم الدولى المعيارى للكتاب 0071748040 (pbk.)
035 ## - رقم ضبط النظام
رقم ضبط النظام (OCoLC)656450888
رقم الضبط الملغى والمتاح (OCoLC)665135718
040 ## - مصدر الفهرسة
وكالة الفهرسة الأصلية DLC
وكالة النسخ DLC
وكالة التعديل YDX
-- BTCTA
-- YDXCP
-- UKM
-- CBL
050 00 - رقم طلب مكتبة الكونجرس
رقم التصنيف QA76.76.H94
رقم المادة C67 2011
082 ## - رقم تصنيف ديوى العشرى
رقم التصنيف 006.74
رقم المادة CLH
092 ## - رقم استدعاء ديوى المحلى
رقم التصنيف 006.74
رقم المادة C851h
100 1# - المدخل الرئيسى - إسم شخصى
الإسم الشخصى Cottrell, Lee.
9 (RLIN) 4801
245 10 - بيان العنوان
العنوان HTML & XHTML demystified /
بيان المسئوليه,etc Lee M. Cottrell.
246 3# - العنوان الموازى
عنوان صحيح/عنوان مختصر HTML and XHTML demystified.
260 ## - PUBLICATION, DISTRIBUTION, ETC. (IMPRINT)
مكان الناشر او الموزع New York :
اسم الناشر او الموزع McGraw-Hill,
تاريخ النشر أو التوزيع c2011.
300 ## - الوصف المادى
التعداد xxii, 375 p. :
تفاصيل ماديه اخرى للوعاء ill. ;
أبعاد الوعاء 24 cm.
500 ## - تبصرة عامة
تبصرة عامة Includes index.
520 ## - التبصرة الخاصة بالتعليق أو التلخيص
ملخص,الخ "Now you can build your own websites in no time using the latest techniques. HTML & XHTML DeMYSTiFieD gives you the hands-on help you need to get started. Written in a step-by-step format, this practical guide shows you how to create a web page right away. Then, you'll learn how to add color and graphics; incorporate links; create lists, tables, and forms; and add multimedia elements. Key technologies such as CSS, JavaScript, and DHTML are also covered. Detailed examples and concise explanations make it easy to understand the material, and end-of-chapter quizzes and a final exam help reinforce learning"--
650 #0 - المدخل الاضافى بالموضوع-مصطلح موضوعى
مصطلح موضوعي أو اسم جغرافي كعنصر مدخل HTML (Document markup language)
650 #0 - المدخل الاضافى بالموضوع-مصطلح موضوعى
مصطلح موضوعي أو اسم جغرافي كعنصر مدخل XHTML (Document markup language)
650 #0 - المدخل الاضافى بالموضوع-مصطلح موضوعى
مصطلح موضوعي أو اسم جغرافي كعنصر مدخل Hypertext systems.
9 (RLIN) 19428
650 #0 - المدخل الاضافى بالموضوع-مصطلح موضوعى
مصطلح موضوعي أو اسم جغرافي كعنصر مدخل Web sites
التقسيم الفرعي العام Design.
9 (RLIN) 4689
942 ## - عناصر المدخل الإضافي( كوها)
مصدر التصنيف او مخطط الترفيف Dewey Decimal Classification
Koha [default] item type DVD
المقتنيات
حالة الفقد نموذج السعر الفعال حالة تلف ليس للاعارة رقم الطلب تاريخ الاكتساب الموقع الحالي الباركود الفرع الرئيسي Date last seen نوع المادة فى نظام كوها مصدر التصنيف او خطة الترفيف Total Checkouts Date last checked out
  2013-03-10     006.74 CLH 2012-12-31 المكتبة المركزية بالمجمعة (CL) 00400994 المكتبة المركزية بالمجمعة (CL) 2013-03-10 كتاب Dewey Decimal Classification    
  2013-03-10     006.74 CLH 2013-01-01 المكتبة المركزية بالمجمعة (CL) 00401616 المكتبة المركزية بالمجمعة (CL) 2013-03-10 كتاب Dewey Decimal Classification    
  2013-03-10     006.74 CLH 2013-01-01 المكتبة المركزية بالمجمعة (CL) 00401617 المكتبة المركزية بالمجمعة (CL) 2014-06-11 كتاب Dewey Decimal Classification 1 2014-02-24